Normal view MARC view
  • ATOMIC WARFARE-SAFETY MEASURES,ATOMIC WARFARE

Entry Topical Term

Number of records used in: 1

001 - CONTROL NUMBER

  • control field: 69589

003 - CONTROL NUMBER IDENTIFIER

  • control field: NUST

005 - DATE AND TIME OF LATEST TRANSACTION

  • control field: 20210628204248.0

008 - FIXED-LENGTH DATA ELEMENTS

  • fixed length control field: 210628|| aca||aabn | a|a d

040 ## - CATALOGING SOURCE

  • Original cataloging agency: NUST
  • Transcribing agency: NUST

150 ## - HEADING--TOPICAL TERM

  • Topical term or geographic name entry element: ATOMIC WARFARE-SAFETY MEASURES,ATOMIC WARFARE

670 ## - SOURCE DATA FOUND

  • Source citation: Work cat.: (NUST): Mcnaught, L. W 69588, Nuclear waepons and their effects brassey's battlefield weapons systems, 1984
© 2023 Central Library, National University of Sciences and Technology. All Rights Reserved.